000 01215naa a22003737a 4500
001 BR8103173
003 BR-BrBNA
005 20240918174737.0
007 ta
008 230509b bl.||||| |||| 00| 0 por d
040 _aBR-BrBNA
_bpor
_cBiblioteca Nacional de Agricultura
041 _a(Pt)
072 _aH70
_b1720
_b3520
_bG514
090 _aH70 BR8103173
100 1 _aMascarenhas, M.H.T.
100 1 _aSouza, R.J. de
100 1 _aSaturnino, H.M.
100 1 _aLara, J.F.R.
245 1 _aPerda de peso e deterioracao de bulbos em alho (Allium sativum L.)Prudente de Morais, Minas Gerais - 1977/1978 [Brasil]
260 3 _aBelo Horizonte, MG (Brasil):
_c1981.
500 _aProjeto olericultura. Relatorio 77/78 Belo Horizonte, MG (Brasil): 1981. p. 62-69 (BR8103173-AM)H70
650 _aProduto armazenado
650 _aAlho
650 _aBulbo
650 _aVariedade
650 _aTemperatura
650 _aPeso
650 _aConservacao
650 _aVariedade resistente
650 _aMinas Gerais
773 0 _tProjeto olericultura. Relatorio 77/78
_wH70 BR8103173
_gBelo Horizonte, MG (Brasil), 1981. p. 62-69
909 _a202404
_bLucia
_c55
_dLucia Elande
942 _cAM
_2AGRIS
999 _c313278
_d313278